Canciones oficiales
Guardat en:
| Autor principal: | |
|---|---|
| Format: | Llibre |
| Idioma: | espanyol |
| Publicat: |
Santiago
Universidad Diego Portales
2009
|
| Edició: | 1a. ed |
| Matèries: | |
| Etiquetes: |
Afegir etiqueta
Sense etiquetes, Sigues el primer a etiquetar aquest registre!
|
MARC
| LEADER | 00000cam a2200000 a 4500 | ||
|---|---|---|---|
| 001 | UCG8240 | ||
| 003 | CL-VaPUC | ||
| 008 | 111202e20090000CL |||||||||||||||||spa|d | ||
| 020 | |a 9789563140699 | ||
| 082 | 0 | 4 | |a Ch861 |b CUE |2 21 |
| 100 | 0 | |a Cuevas, José Angel |e author |9 559165 | |
| 245 | 1 | 0 | |a Canciones oficiales |
| 250 | |a 1a. ed | ||
| 300 | |a 197 p | ||
| 942 | |c BK | ||
| 945 | |d 20111202 00:00:00 |a cmena | ||
| 260 | |a Santiago |b Universidad Diego Portales |c 2009 | ||
| 500 | |a En lugar de hacer el himno de las víctimas o la diatriba contra los victimarios, J.A. Cuevas construye aquí una épica de "lo que botó la ola". Sus poemas, sus caóticos poemas de versos como acribillados en la página, no hallan ni pretenden hallar la verdad histórica, sino que realizan un seguimiento de los tentáculos de la postdictadura en la suerte que han corrido los alcohólicos, los "pobres tipos", los ganapanes, el lumpen, el red set, los corruptos, los políticos acomodados, los chilenos apolíticos, etc., es un inmenso cuadro de la realidad ya caída a pedazos | ||
| 650 | 0 | |a Poesías chilenas |9 265280 | |
| 650 | 0 | |a Literatura chilena |9 308278 | |
| 583 | |a last modification |c 20111202 14:14:00 |k Rodrigo Vera | ||
| 999 | |c 345860 |d 345858 | ||
| 952 | |0 0 |1 0 |4 0 |6 CH_861_000000000000000_CUE_2009 |7 0 |8 A |9 446213 |a FDOPOS |b FDOPOS |d 2019-11-22 |i 4808029 |o Ch861 CUE 2009 |p 4808029 |r 2025-01-22 |w 2019-11-22 |y BK |k DLH | ||